| 000 | 00588nam a2200193Ia 4500 | ||
|---|---|---|---|
| 005 | 20250508152800.0 | ||
| 008 | 008 250505s9999 xx 000 0 eng d | ||
| 037 | _aReference | ||
| 040 |
_aFEDL _beng _cFEDL |
||
| 041 |
_aeng _2eng |
||
| 084 |
_a001.422, BLO _qFEDL |
||
| 100 | _aBlommers Paul | ||
| 245 | 0 | _aStudy manual for elementary statistical methods : In psychology and education | |
| 260 |
_aBoston, USA _bHoughton Mifflin Company _c1960 |
||
| 300 | _a247p. | ||
| 700 |
_a Lindquist E F _9762364 |
||
| 942 |
_cREF _h001.422, BLO |
||
| 999 |
_c1338718 _d1338718 |
||